Previsiones del desarrollo económico y social 1969-1972 y planes del sector público /
Shranjeno v:
| Glavni avtor: | |
|---|---|
| Format: | Texto |
| Teme: | |
| Oznake: |
Označite
Brez oznak, prvi označite!
|
MARC
| LEADER | 00000 a a2200000 04500 | ||
|---|---|---|---|
| 001 | 44643 | ||
| 003 | |||
| 040 | |||
| 100 | |a Costa Rica. Presidencia de la República. Oficina de Planificación Nacional | ||
| 245 | |a Previsiones del desarrollo económico y social 1969-1972 y planes del sector público / |c Costa Rica. Presidencia de la República. Oficina de Planificación Nacional | ||
| 650 | |a ADMINISTRACION PUBLICA | ||
| 650 | |a GOBIERNO LOCAL | ||
| 650 | |a POLITICA DE INVERSIONES | ||
| 650 | |a POLITICA DE PRODUCTIVIDAD | ||
| 650 | |a INVERSIONES PUBLICAS | ||
| 650 | |a INFRESTRUCTURA DEL TRANSPORTE | ||
| 650 | |a RECURSOS ECONOMICOS | ||
| 650 | |a POLITICA DE SALUD | ||
| 650 | |a VIVIENDA | ||
| 650 | |a ALMACENAMIENTO DE AGUA | ||
| 650 | |a ACUEDUCTOS | ||
| 650 | |a EDUCACION | ||
| 650 | |a PLANES DE EDUCACION | ||
| 773 | |g número2 (1969), 420 páginas | ||
| 999 | |c 24248 |d 24248 | ||
